000 00626nam a22001217a 4500
040 _cRUA
082 _aLMA KHY 2025 B701 Or.1
100 _aKHY REAKSA, ឃី រក្សា
245 _aStudy on systematic land registration triel commune tang kok district kampong thom province, សិក្សាអំពីការចុះបញ្ជីដីធ្លីមានលក្ខណៈជាប្រព័ន្ធនៅក្នុងឃុំទ្រៀល ស្រុកតាំងគោក ខេត្តកំពង់ធំ
260 _aPHNOM PENH
_bRUA
_c2025
300 _aX,56P.
_bill.
_c29cm.
942 _cLMA
999 _c25771
_d25771